header

ASP.NET 3.5 application architecture and design (Record no. 137213)

MARC details
000 -LEADER
fixed length control field 01357nam a2200361Ia 4500
100 1# - MAIN ENTRY--AUTHOR NAME
Personal name Thakur, Vivek.
245 10 - TITLE STATEMENT
Title ASP.NET 3.5 application architecture and design
260 ## - PUBLICATION, DISTRIBUTION, ETC. (IMPRINT)
Place of publication Birmingham, UK :
Name of publisher Packt Publishing,
Year of publication c2008.
300 ## - PHYSICAL DESCRIPTION
Number of Pages 239 p.
500 ## - GENERAL NOTE
General note Includes index.
650 #0 - SUBJECT ADDED ENTRY--TOPICAL TERM
Topical Term Application software
Topical Term Microsoft .NET.
Topical Term Software architecture.
Topical Term Web site development.
Topical Term Web sites
856 40 - ELECTRONIC LOCATION AND ACCESS
Uniform Resource Identifier http://site.ebrary.com/lib/rucke/Doc?id=10448371

No items available.

© 2026 Rongo University
Contact us: librarian | system librarian | Rongo university